000
00260 a2200109 4500
001
63386
082
_a
005.369 COW
090
_c
37437
_d
37437
100
_a
Cowart, R
245
_a
Mastering Windows 95
_h
English
260
_a
New Delhi
_b
BPB Publication India
942
_a
CAE NUST
_k
005.369 COW
999
_c
298459
_d
298459